[Event "EIRCC 2019"]
[Site "Tallinn"]
[Date "2019.12.06"]
[Round "12.31"]
[White "Schnabel, Ralf"]
[Black "Kourousis, Epaminondas"]
[Result "1/2-1/2"]
[WhiteElo "2220"]
[BlackElo "2392"]
[Annotator "NA"]
[PlyCount "153"]
[EventDate "2019.12.05"]
[EventType "swiss"]
[EventCountry "EST"]
[SourceTitle "playchess.com"]
[Source "ChessBase"]
[SourceQuality "1"]
[TimeControl "900+10"]

1. e4 {[%emt 0:00:00]} c5 {[%emt 0:00:00]} 2. Nf3 {[%emt 0:00:00]} Nc6 {[%emt 0:00:00]} 3. d4 {[%emt 0:00:00]} cxd4 {[%emt 0:00:00]} 4. Nxd4 {[%emt 0:00:02]} g6 {[%emt 0:00:06]} 5. Nc3 {[%emt 0:00:29]} Bg7 {[%emt 0:00:02]} 6. Nb3 {[%emt 0:00:02]} Nf6 {[%emt 0:00:03]} 7. Be2 {[%emt 0:00:04]} O-O {[%emt 0:00:12]} 8. Bg5 {[%emt 0:00:02]} d6 {[%emt 0:00:36]} 9. O-O {[%emt 0:00:05]} Be6 {[%emt 0:01:58]} 10. Kh1 {[%emt 0:00:04]} h6 {[%emt 0:01:18]} 11. Bh4 {[%emt 0:00:02]} g5 {[%emt 0:00:22]} 12. Bg3 {[%emt 0:00:03]} d5 {[%emt 0:00:33]} 13. Nc5 {[%emt 0:01:26]} d4 {[%emt 0:00:46]} 14. Nb5 {[%emt 0:01:32]} Rc8 {[%emt 0:01:57]} 15. c3 {[%emt 0:02:16]} dxc3 {[%emt 0:01:14]} 16. Nxc3 {[%emt 0:00:04]} Nd4 {[%emt 0:00:53]} 17. Nxe6 {[%emt 0:00:41]} Nxe6 {[%emt 0:00:22]} 18. Qxd8 {[%emt 0:03:30]} Rfxd8 {[%emt 0:00:03]} 19. Rfd1 {[%emt 0:00:01]} Nd4 {[%emt 0:01:17]} 20. Bf1 {[%emt 0:01:16]} Nh5 {[%emt 0:01:48]} 21. Rd2 {[%emt 0:00:02]} Nxg3+ {[%emt 0:00:21]} 22. hxg3 {[%emt 0:00:01]} Nc6 {[%emt 0:00:23]} 23. Rxd8+ {[%emt 0:01:17]} Rxd8 {[%emt 0:00:05]} 24. Rd1 {[%emt 0:00:04]} Bxc3 {[%emt 0:00:27]} 25. Rxd8+ {[%emt 0:00:01]} Nxd8 {[%emt 0:00:01]} 26. bxc3 {[%emt 0:00:02]} Ne6 {[%emt 0:00:56]} 27. Bd3 {[%emt 0:00:32]} Kg7 {[%emt 0:00:17]} 28. Kg1 {[%emt 0:00:02]} Nc5 {[%emt 0:00:06]} 29. Bc2 {[%emt 0:00:01]} Kf6 {[%emt 0:00:03]} 30. f3 {[%emt 0:00:19]} e5 {[%emt 0:01:31]} 31. Kf2 {[%emt 0:00:04]} h5 {[%emt 0:00:05]} 32. Ke3 {[%emt 0:00:07]} h4 {[%emt 0:00:11]} 33. Kf2 {[%emt 0:01:51]} a5 {[%emt 0:00:15]} 34. g4 {[%emt 0:01:48]} Ke7 {[%emt 0:00:23]} 35. Ke3 {[%emt 0:00:47]} f6 {[%emt 0:00:08]} 36. Kf2 {[%emt 0:00:05]} Kd6 {[%emt 0:00:08]} 37. Ke3 {[%emt 0:00:02]} Ne6 {[%emt 0:00:12]} 38. Bd3 {[%emt 0:00:01]} Kc5 {[%emt 0:00:16]} 39. Kd2 {[%emt 0:00:11]} b5 {[%emt 0:00:23]} 40. a3 {[%emt 0:00:10]} Nd8 {[%emt 0:00:31]} 41. Kc2 {[%emt 0:00:14]} Nb7 {[%emt 0:00:03]} 42. Kb3 {[%emt 0:01:16]} Nd6 {[%emt 0:00:59]} 43. Be2 {[%emt 0:00:12]} Nc8 {[%emt 0:00:25]} 44. Bd3 {[%emt 0:00:07]} Ne7 {[%emt 0:00:03]} 45. Be2 {[%emt 0:00:09]} Nc6 {[%emt 0:00:22]} 46. Bf1 {[%emt 0:00:13]} Ne7 {[%emt 0:00:20]} 47. Be2 {[%emt 0:00:04]} Ng6 {[%emt 0:00:01]} 48. Bd3 {[%emt 0:00:03]} Nf4 {[%emt 0:00:13]} 49. Bf1 {[%emt 0:00:01]} Ne6 {[%emt 0:00:06]} 50. Be2 {[%emt 0:00:04]} Kb6 {[%emt 0:00:04]} 51. Bf1 {[%emt 0:00:05]} Nc5+ {[%emt 0:00:00]} 52. Kc2 {[%emt 0:00:02]} a4 {[%emt 0:00:21]} 53. Be2 {[%emt 0:00:19]} Nb3 {[%emt 0:00:02]} 54. Bf1 {[%emt 0:00:03]} Kc5 {[%emt 0:00:01]} 55. Be2 {[%emt 0:00:01]} Na5 {[%emt 0:00:04]} 56. Kb2 {[%emt 0:00:08]} Nb7 {[%emt 0:00:01]} 57. Kc2 {[%emt 0:00:02]} Nd6 {[%emt 0:00:04]} 58. Kd2 {[%emt 0:00:03]} Nf7 {[%emt 0:00:19]} 59. Kc2 {[%emt 0:00:01]} Nd8 {[%emt 0:00:09]} 60. Bf1 {[%emt 0:00:03]} Ne6 {[%emt 0:00:01]} 61. Be2 {[%emt 0:00:03]} Nf4 {[%emt 0:00:05]} 62. Bf1 {[%emt 0:00:01]} Kc6 {[%emt 0:00:12]} 63. Kd2 {[%emt 0:00:00]} Kb6 {[%emt 0:00:01]} 64. Kc1 {[%emt 0:00:07]} Ng6 {[%emt 0:00:10]} 65. Kc2 {[%emt 0:00:16]} Kc5 {[%emt 0:00:39]} 66. Be2 {[%emt 0:00:04]} Ne7 {[%emt 0:00:16]} 67. Bd3 {[%emt 0:00:08]} Nc8 {[%emt 0:00:02]} 68. Bf1 {[%emt 0:00:09]} Nd6 {[%emt 0:00:03]} 69. Kb2 {[%emt 0:00:06]} Ne8 {[%emt 0:00:34]} 70. Kc2 {[%emt 0:00:03]} Nd6 {[%emt 0:00:20]} 71. Kb2 {[%emt 0:00:02]} Kc6 {[%emt 0:00:01]} 72. Be2 {[%emt 0:00:20]} Kc5 {[%emt 0:00:03]} 73. Bf1 {[%emt 0:00:02]} Nb7 {[%emt 0:00:07]} 74. Be2 {[%emt 0:00:08]} Na5 {[%emt 0:00:07]} 75. Bf1 {[%emt 0:00:11]} Nb3 {[%emt 0:00:06]} 76. Kc2 {[%emt 0:00:04]} Na5 {[%emt 0:00:10]} 77. Kb2 {[%emt 0:00:02]} 1/2-1/2

[Event "EIRCC 2019"]
[Site "Tallinn"]
[Date "2019.12.06"]
[Round "12.32"]
[White "Opryshko, Stanislav"]
[Black "Krutti, Valer"]
[Result "1-0"]
[WhiteElo "2208"]
[BlackElo "2370"]
[Annotator "NA RC"]
[PlyCount "31"]
[EventDate "2019.12.05"]
[EventType "swiss"]
[EventCountry "EST"]
[SourceTitle "playchess.com"]
[Source "ChessBase"]
[SourceQuality "1"]
[TimeControl "900+10"]

1. d4 {[%emt 0:00:00]} Nf6 {[%emt 0:00:00]} 2. Nf3 {[%emt 0:00:00]} g6 {[%emt 0:00:00]} 3. c4 {[%emt 0:00:04]} c6 {[%emt 0:00:00]} 4. Nc3 {[%emt 0:00:14]} d5 {[%emt 0:00:02]} 5. cxd5 {[%emt 0:00:20]} cxd5 {[%emt 0:00:02]} 6. Bf4 {[%emt 0:00:04]} Nc6 {[%emt 0:00:02]} 7. e3 {[%emt 0:00:01]} Bg7 {[%emt 0:00:02]} 8. h3 {[%emt 0:00:04]} O-O {[%emt 0:00:03]} 9. Ne5 {[%emt 0:00:07]} Qb6 {[%emt 0:00:31]} 10. Qb3 {[%emt 0:00:26]} e6 {[%emt 0:00:08]} 11. Nxc6 {[%emt 0:00:23]} bxc6 {[%emt 0:00:03]} 12. Bd6 {[%emt 0:01:31]} Re8 {[%emt 0:00:04]} 13. Be2 {[%emt 0:01:07]} Ba6 {[%emt 0:01:35]} 14. Bc5 {[%emt 0:01:24]} Qa5 {[%emt 0:00:03]} 15. Bb4 {[%emt 0:01:35]} Qb6 {[%emt 0:00:04]} 16. Na4 {[%emt 0:00:05]} 1-0

[Event "EIRCC 2019"]
[Site "Tallinn"]
[Date "2019.12.06"]
[Round "12.33"]
[White "Degtiarev, Evgeny"]
[Black "Wallin, Aleksi"]
[Result "1/2-1/2"]
[WhiteElo "2367"]
[BlackElo "2219"]
[Annotator "NA"]
[PlyCount "81"]
[EventDate "2019.12.05"]
[EventType "swiss"]
[EventCountry "EST"]
[SourceTitle "playchess.com"]
[Source "ChessBase"]
[SourceQuality "1"]
[TimeControl "900+10"]

1. d4 {[%emt 0:00:00]} d5 {[%emt 0:00:00]} 2. c4 {[%emt 0:00:00]} c6 {[%emt 0:00:00]} 3. Nf3 {[%emt 0:00:07]} Nf6 {[%emt 0:00:00]} 4. Nc3 {[%emt 0:00:05]} dxc4 {[%emt 0:00:05]} 5. a4 {[%emt 0:00:03]} Bf5 {[%emt 0:00:11]} 6. Ne5 {[%emt 0:00:22]} Nbd7 {[%emt 0:00:23]} 7. Nxc4 {[%emt 0:00:07]} Nb6 {[%emt 0:00:19]} 8. Ne5 {[%emt 0:00:03]} a5 {[%emt 0:00:18]} 9. g3 {[%emt 0:00:32]} e6 {[%emt 0:00:52]} 10. Bg2 {[%emt 0:00:04]} Bb4 {[%emt 0:02:21]} 11. O-O {[%emt 0:00:10]} O-O {[%emt 0:00:55]} 12. e3 {[%emt 0:00:24]} h6 {[%emt 0:00:05]} 13. Qb3 {[%emt 0:01:07]} Nfd7 {[%emt 0:01:44]} 14. Nxd7 {[%emt 0:00:51]} Nxd7 {[%emt 0:02:03]} 15. Na2 {[%emt 0:00:08]} Qb6 {[%emt 0:02:44]} 16. Nxb4 {[%emt 0:00:12]} c5 {[%emt 0:02:20]} 17. e4 {[%emt 0:03:31]} Bg6 {[%emt 0:00:12]} 18. d5 {[%emt 0:00:02]} Qxb4 {[%emt 0:00:56]} 19. Qxb4 {[%emt 0:00:45]} axb4 {[%emt 0:00:11]} 20. Bf4 {[%emt 0:00:10]} Nf6 {[%emt 0:01:28]} 21. Rfe1 {[%emt 0:01:09]} Rfe8 {[%emt 0:00:04]} 22. Bc7 {[%emt 0:00:36]} exd5 {[%emt 0:00:30]} 23. exd5 {[%emt 0:00:02]} Rxe1+ {[%emt 0:00:04]} 24. Rxe1 {[%emt 0:00:03]} Rxa4 {[%emt 0:00:12]} 25. d6 {[%emt 0:00:12]} Bf5 {[%emt 0:00:15]} 26. Bxb7 {[%emt 0:00:23]} c4 {[%emt 0:00:25]} 27. Rc1 {[%emt 0:00:52]} c3 {[%emt 0:00:07]} 28. b3 {[%emt 0:00:33]} Ra2 {[%emt 0:00:25]} 29. d7 {[%emt 0:02:56]} Bxd7 {[%emt 0:00:14]} 30. Bd6 {[%emt 0:00:01]} Rb2 {[%emt 0:00:21]} 31. Ba6 {[%emt 0:02:10]} Rxb3 {[%emt 0:00:10]} 32. Bd3 {[%emt 0:00:02]} Be6 {[%emt 0:00:12]} 33. Ra1 {[%emt 0:00:07]} Ra3 {[%emt 0:00:01]} 34. Rxa3 {[%emt 0:00:07]} bxa3 35. Bxa3 {[%emt 0:00:01]} Nd7 {[%emt 0:00:21]} 36. f4 {[%emt 0:02:04]} Bb3 {[%emt 0:00:04]} 37. Kf2 {[%emt 0:00:06]} Nb6 {[%emt 0:00:08]} 38. Ke3 {[%emt 0:00:10]} Nc4+ {[%emt 0:00:17]} 39. Bxc4 {[%emt 0:00:05]} Bxc4 {[%emt 0:00:01]} 40. Kd4 {[%emt 0:00:09]} Be6 41. Ke4 1/2-1/2

[Event "EIRCC 2019"]
[Site "Tallinn"]
[Date "2019.12.06"]
[Round "12.34"]
[White "Maier, Christian"]
[Black "Chibukhchyan, Erik"]
[Result "0-1"]
[WhiteElo "2363"]
[BlackElo "2211"]
[Annotator "NA"]
[PlyCount "120"]
[EventDate "2019.12.05"]
[EventType "swiss"]
[EventCountry "EST"]
[SourceTitle "playchess.com"]
[Source "ChessBase"]
[SourceQuality "1"]
[TimeControl "900+10"]

1. e4 {[%emt 0:00:00]} e5 {[%emt 0:00:00]} 2. Nf3 {[%emt 0:00:00]} Nc6 {[%emt 0:00:00]} 3. Nc3 {[%emt 0:00:00]} Nf6 {[%emt 0:00:00]} 4. d4 {[%emt 0:00:03]} Bb4 {[%emt 0:00:00]} 5. d5 {[%emt 0:01:06]} Bxc3+ {[%emt 0:00:04]} 6. bxc3 {[%emt 0:00:02]} Nb8 {[%emt 0:00:02]} 7. Nxe5 {[%emt 0:00:24]} Qe7 {[%emt 0:01:44]} 8. Qd4 {[%emt 0:00:54]} d6 {[%emt 0:00:51]} 9. Bb5+ {[%emt 0:00:39]} Kd8 {[%emt 0:00:02]} 10. Nf3 {[%emt 0:00:29]} Qxe4+ {[%emt 0:00:41]} 11. Qxe4 {[%emt 0:00:57]} Nxe4 {[%emt 0:00:02]} 12. Bb2 {[%emt 0:00:06]} Nd7 {[%emt 0:00:59]} 13. Bd3 {[%emt 0:00:04]} Ndc5 {[%emt 0:00:04]} 14. c4 {[%emt 0:00:04]} f6 {[%emt 0:00:04]} 15. O-O {[%emt 0:00:42]} Re8 {[%emt 0:01:15]} 16. Rfe1 {[%emt 0:00:03]} Nxd3 {[%emt 0:00:16]} 17. cxd3 {[%emt 0:00:02]} Nc5 {[%emt 0:00:01]} 18. Rxe8+ {[%emt 0:01:41]} Kxe8 {[%emt 0:00:02]} 19. Ne1 {[%emt 0:00:04]} Bf5 {[%emt 0:00:02]} 20. Rd1 {[%emt 0:00:02]} Kf7 {[%emt 0:00:13]} 21. f3 {[%emt 0:00:05]} Re8 {[%emt 0:00:03]} 22. Kf2 {[%emt 0:00:01]} Rxe1 {[%emt 0:00:36]} 23. Kxe1 {[%emt 0:01:03]} Nxd3+ {[%emt 0:00:03]} 24. Kd2 {[%emt 0:00:20]} Nxb2 {[%emt 0:00:02]} 25. Rc1 {[%emt 0:00:01]} Nd3 {[%emt 0:00:10]} 26. Rc3 {[%emt 0:00:14]} Nc5 {[%emt 0:00:03]} 27. Re3 {[%emt 0:00:19]} h5 {[%emt 0:00:11]} 28. Kc3 {[%emt 0:00:08]} a5 {[%emt 0:00:09]} 29. Kd4 {[%emt 0:00:07]} g5 {[%emt 0:00:12]} 30. Ra3 {[%emt 0:00:06]} b6 {[%emt 0:00:06]} 31. Re3 {[%emt 0:00:02]} Bb1 {[%emt 0:00:16]} 32. Re2 {[%emt 0:00:02]} h4 {[%emt 0:00:13]} 33. g3 {[%emt 0:00:07]} h3 {[%emt 0:01:06]} 34. Rf2 {[%emt 0:01:00]} Bf5 {[%emt 0:00:38]} 35. g4 {[%emt 0:00:13]} Bd7 {[%emt 0:00:03]} 36. Rf1 {[%emt 0:00:13]} f5 {[%emt 0:00:05]} 37. Rg1 {[%emt 0:00:03]} Kf6 {[%emt 0:00:05]} 38. Rg3 {[%emt 0:00:05]} f4 {[%emt 0:04:38]} 39. Rxh3 {[%emt 0:00:03]} Ba4 {[%emt 0:00:03]} 40. Rh6+ {[%emt 0:00:47]} Kg7 {[%emt 0:00:05]} 41. Rh5 {[%emt 0:00:01]} Kg6 {[%emt 0:00:08]} 42. h4 {[%emt 0:00:10]} gxh4 {[%emt 0:00:01]} 43. Rxh4 {[%emt 0:00:14]} Bd1 {[%emt 0:00:02]} 44. Rh3 {[%emt 0:00:15]} Be2 {[%emt 0:00:11]} 45. Rh5 {[%emt 0:00:06]} Bxf3 {[%emt 0:00:31]} 46. Rf5 {[%emt 0:00:01]} Bxg4 {[%emt 0:00:03]} 47. Rxf4 {[%emt 0:00:01]} Bf5 {[%emt 0:00:03]} 48. Rf2 {[%emt 0:00:09]} Bb1 {[%emt 0:00:19]} 49. Rb2 {[%emt 0:00:08]} Bf5 {[%emt 0:00:06]} 50. Rf2 {[%emt 0:00:01]} Nd7 {[%emt 0:00:08]} 51. Rg2+ {[%emt 0:00:17]} Kf7 {[%emt 0:00:14]} 52. Rf2 {[%emt 0:00:24]} Kf6 {[%emt 0:00:01]} 53. a3 {[%emt 0:00:25]} Ne5 {[%emt 0:00:07]} 54. Rf1 {[%emt 0:00:16]} Kg6 {[%emt 0:00:05]} 55. Rg1+ {[%emt 0:00:02]} Bg4 {[%emt 0:00:06]} 56. Rf1 {[%emt 0:00:24]} Kg7 {[%emt 0:00:22]} 57. Rf2 {[%emt 0:00:21]} Bh5 {[%emt 0:00:30]} 58. Rg2+ {[%emt 0:00:25]} Kf7 {[%emt 0:00:09]} 59. Rf2+ {[%emt 0:00:02]} Ke7 {[%emt 0:00:03]} 60. Rg2 {[%emt 0:00:14]} Bg6 0-1

[Event "EIRCC 2019"]
[Site "Tallinn"]
[Date "2019.12.06"]
[Round "12.35"]
[White "Morgunov, Marc"]
[Black "Timerkhanov, Alexander"]
[Result "0-1"]
[WhiteElo "2182"]
[BlackElo "2363"]
[Annotator "TA"]
[PlyCount "46"]
[EventDate "2019.12.05"]
[EventType "swiss"]
[EventCountry "EST"]
[SourceTitle "playchess.com"]
[Source "ChessBase"]
[SourceQuality "1"]

{[%evp 9,46,24,17,14,35,37,27,45,38,37,40,41,39,31,64,23,27,18,24,24,26,19,27,15,18,0,0,-32,-34,-151,-164,-158,-162,-236,-164,-152,-151,-1209,-1094]} 1. e4 c5 2. Nf3 d6 3. Bb5+ Nd7 4. O-O a6 5. Bd3 Ngf6 6. Re1 {B51: Sicilian: Moscow Variation (3 Bb5+) without 3...Bd7} e5 (6... g6 7. c3 Bg7 8. Bc2 O-O 9. d4 e5 10. a4 Rb8 11. dxe5 Nxe5 12. Nxe5 dxe5 13. Qxd8 Rxd8 {½-½ (65) Amin,B (2707)-Artemiev,V (2761) Danzhou 2019}) 7. c3 Be7 8. a4 {White has an edge.} b6 9. Bc2 Bb7 10. d4 O-O 11. d5 b5 12. Nbd2 {[%cal Bb1d2,Bd2f1,Bf1g3][%mdl 32]} c4 13. Nf1 Nc5 14. Ng3 g6 15. Be3 $146 ({Predecessor:} 15. Bh6 Re8 16. Qd2 Ng4 {0-1 (51) Gulinelli,E (1669)-Pedrotti,L (1777) Arco 2015}) 15... Nfd7 16. Nd2 Bg5 17. Bxg5 (17. Ngf1 {is more complex.} h5 18. Qe2 Qe7 19. Bxg5 Qxg5 20. Nf3) 17... Qxg5 18. axb5 (18. Ngf1 {keeps more tension.} Nb6 19. a5 Nbd7 20. Re3 Qe7 21. Rg3) 18... axb5 19. b4 (19. Qe2 $15) 19... Rxa1 $17 {[%mdl 64] [#] Overworked Piece} 20. Qxa1 {aiming for Nf3.} Qxd2 21. bxc5 (21. Re2 {keeps fighting.} Qf4 22. bxc5 Nxc5 23. Qb1) 21... Nxc5 ({Don't take} 21... Qxc2 22. c6 $17) 22. Re2 Qg5 23. Qa5 $2 {[#]} (23. Qb2 $17) 23... Ra8 {Accuracy: White = 39%, Black = 47%.} 0-1

[Event "EIRCC 2019"]
[Site "Tallinn"]
[Date "2019.12.06"]
[Round "12.36"]
[White "Potapov, Alexander"]
[Black "Psyk, Radoslaw"]
[Result "1-0"]
[WhiteElo "2359"]
[BlackElo "2178"]
[Annotator "TA"]
[PlyCount "55"]
[EventDate "2019.12.05"]
[EventType "swiss"]
[EventCountry "EST"]
[SourceTitle "playchess.com"]
[Source "ChessBase"]
[SourceQuality "1"]

{[%evp 9,55,-2,-7,-5,83,79,94,98,105,100,130,138,151,114,116,102,116,133,187,171,215,193,286,280,325,325,470,464,551,506,678,675,768,822,804,764,1430,1433,2842,3224,29989,29990,29990,29991,29991,29992,29992,29993]} 1. d4 Nf6 2. c4 g6 3. Nc3 d5 4. Bf4 Bg7 5. Qa4+ Bd7 6. Qb3 {D82: Grünfeld: 4 Bf4} Bc6 {[#]} (6... dxc4 $11 7. Qxc4 Nc6) (6... dxc4 7. Qxb7 Nc6 8. e3 Rb8 9. Qxc7 Qxc7 10. Bxc7 Rxb2 11. Bxc4 Nb4 12. Rb1 {0-1 (12) Karpov,A (2651)-Morozevich,A (2788) Moscow 2008}) 7. e4 $1 $16 {[%cal Rc4d5][%mdl 512]} e6 (7... dxe4 8. d5) 8. cxd5 {White is better.} exd5 9. Bg5 {Threatens to win with exd5.} Qc8 10. exd5 Bd7 11. Bc4 O-O 12. Nge2 $36 {[%mdl 2048] White is in control.} a6 $146 ({Predecessor:} 12... Bf5 13. a4 a5 {½-½ (37) Kelchner,H (2149)-Packroff,H (2262) Dresden 2005}) 13. a4 c5 (13... a5 $16 {might work better.} 14. Rc1 h6) 14. O-O cxd4 15. Nxd4 Ng4 (15... Qc5 {is a better defense.} 16. Nce2 (16. Qxb7 Qxd4 17. Qxa8 Qxc4 $15) 16... Bc8) 16. Nf3 $18 Re8 17. Rae1 h6 (17... b5 {keeps fighting.}) 18. Be7 Kh7 19. d6 f6 20. Nd5 b5 21. axb5 axb5 22. Bd3 Ra5 23. h3 Ne5 24. Nxe5 fxe5 25. Nf6+ {[%mdl 64] Double Attack. White mates.} Kh8 26. Qf7 {[%mdl 64] Double Attack} e4 27. Bxe4 Rxe7 28. dxe7 {Accuracy: White = 90%, Black = 30%.} 1-0

[Event "EIRCC 2019"]
[Site "Tallinn"]
[Date "2019.12.06"]
[Round "13.1"]
[White "Mamedov, Rauf"]
[Black "Turov, Maxim"]
[Result "1/2-1/2"]
[WhiteElo "2679"]
[BlackElo "2647"]
[Annotator "TA"]
[PlyCount "33"]
[EventDate "2019.12.05"]
[EventType "swiss"]
[EventCountry "EST"]
[SourceTitle "playchess.com"]
[Source "ChessBase"]
[SourceQuality "1"]

{[%evp 28,33,36,31,35,40,39,15]} 1. e4 c6 2. d4 d5 3. Nd2 dxe4 4. Nxe4 Bf5 5. Ng3 Bg6 6. Nf3 Nd7 7. h4 h6 8. h5 Bh7 9. Bd3 Bxd3 10. Qxd3 e6 11. Bd2 Ngf6 12. O-O-O Qc7 13. Ne4 O-O-O 14. Kb1 Nxe4 15. Qxe4 {White is slightly better.} Bd6 {B19: Classical Caro-Kann: 4...Bf5 main line} 16. Qe2 (16. c4 Rhe8 17. c5 Bf8 18. Bf4 Qa5 19. Ne5 Nxe5 20. Qxe5 Kd7 21. Rd3 f6 22. Qe4 Kc8 23. Rhd1 Qb4 24. Rc1 {½-½ (41) Giri,A (2732)-Grischuk,A (2785) Warsaw 2013}) 16... Rhe8 17. Bc1 $146 ({Predecessor:} 17. Bc3 f6 18. Nh4 c5 19. Qg4 Nf8 20. d5 Kb8 21. dxe6 Nxe6 {½-½ (33) Czaplewska,K (1934)-Zianowicz,D (1843) Suwalki 2017}) 1/2-1/2

[Event "EIRCC 2019"]
[Site "Tallinn"]
[Date "2019.12.06"]
[Round "13.2"]
[White "Kulaots, Kaido"]
[Black "Sargissian, Gabriel"]
[Result "0-1"]
[WhiteElo "2544"]
[BlackElo "2715"]
[Annotator "TA"]
[PlyCount "121"]
[EventDate "2019.12.05"]
[EventType "swiss"]
[EventCountry "EST"]
[SourceTitle "playchess.com"]
[Source "ChessBase"]
[SourceQuality "1"]

{[%evp 19,121,8,20,20,22,9,12,6,23,4,20,0,0,-8,0,-4,-10,-29,-21,-24,0,0,0,0,0,0,0,0,0,0,0,-18,-8,-29,-20,-16,-25,-83,-65,-64,-17,-85,-93,-101,-100,-140,-135,-120,-112,-129,-117,-166,-137,-134,-127,-142,-131,-176,-160,-179,-178,-186,-181,-172,0,-181,-154,-200,-227,-207,-203,-206,-220,-181,-186,-252,-233,-248,-244,-239,-220,-214,-101,-665,-662,-620,-554,-787,-743,-5484,-5447,-5449,-5437,-5405,-5405,-5405,-5214,-5057,-4967,-4562,-4134,-2968,-1611,-1318]} 1. e4 e5 2. Nf3 Nc6 3. Bb5 a6 4. Ba4 Nf6 5. O-O Be7 6. Re1 b5 7. Bb3 O-O 8. a4 b4 9. d4 d6 10. dxe5 Nxe5 11. Nxe5 {C88: Closed Ruy Lopez: Anti-Marshall Systems} dxe5 12. Qe2 Bc5 13. Be3 {The position is equal.} Bd4 ({Wrong is} 13... Nxe4 $2 14. Qc4 $16) 14. Bxd4 Qxd4 {[#]} 15. c3 $146 ({Predecessor:} 15. Rd1 Bg4 16. Rxd4 Bxe2 17. Rd2 Rfd8 18. f3 Rxd2 19. Nxd2 {½-½ (38) Caruana,F (2811)-Matlakov,M (2718) Wijk aan Zee 2018}) 15... bxc3 16. bxc3 Qc5 17. Nd2 a5 18. Qe3 Qxe3 19. Rxe3 Rb8 20. Bc4 Rd8 21. Nb3 Ra8 22. f3 Kf8 23. Ree1 Ke7 24. Kf2 Rd6 25. Rec1 Rb6 26. Nd2 Rab8 27. Bb5 {With the idea Nc4.} c6 28. Be2 (28. Bc4 $11 {keeps the balance.}) 28... Be6 29. Rc2 Ne8 30. Nc4 (30. Bc4 $11 {remains equal.}) 30... Bxc4 $1 $17 31. Bxc4 Nd6 $36 {[%mdl 2048] Keeping White busy.} 32. Be2 Rb2 33. Rac1 Rxc2 34. Rxc2 {[%mdl 4096] Endgame KRB-KRN} Rb1 35. h4 Nb7 36. Ke3 Nc5 37. Ra2 Rc1 38. Ra3 Rc2 39. g3 {[#]} g6 $1 40. Bc4 Rg2 41. Bf1 Rc2 42. Bc4 h5 43. Bf1 f5 44. exf5 gxf5 45. f4 exf4+ 46. gxf4 Rh2 47. Be2 (47. Ra1 $142) 47... Rxh4 $19 48. Bf3 Rh3 49. Ra2 Ne4 50. Rg2 h4 (50... Nxc3 $19 {...Nd5+ is the strong threat.} 51. Rg7+ Kf6) 51. Rg6 $2 {[%mdl 8192] [#]} (51. Rg7+ $17 Kd6 52. Rf7) 51... Nd2 $1 {[%mdl 576] Deflection. Black is clearly winning.} 52. Kxd2 Rxf3 53. Rxc6 Rxf4 {KR-KR} 54. c4 h3 55. Rh6 Rxc4 56. Rxh3 Rxa4 57. Rh6 Re4 58. Kd3 Re6 59. Rh7+ Kf6 60. Ra7 Re5 61. Kd4 {Accuracy: White = 39%, Black = 78%.} 0-1

[Event "EIRCC 2019"]
[Site "Tallinn"]
[Date "2019.12.06"]
[Round "13.3"]
[White "Guseinov, Gadir"]
[Black "Esipenko, Andrey"]
[Result "1/2-1/2"]
[WhiteElo "2691"]
[BlackElo "2590"]
[Annotator "TA"]
[PlyCount "108"]
[EventDate "2019.12.05"]
[EventType "swiss"]
[EventCountry "EST"]
[SourceTitle "playchess.com"]
[Source "ChessBase"]
[SourceQuality "1"]

{[%evp 9,108,12,14,14,15,3,23,23,31,7,14,8,27,8,0,2,15,12,18,13,30,16,35,24,27,19,56,7,45,56,43,22,24,25,26,13,43,5,5,-12,-19,-23,-30,-39,-24,-29,-19,-66,-66,-64,-62,-66,-65,-66,0,0,0,0,0,0,0,0,0,0,0,0,25,0,0,0,0,0,0,0,0,0,0,0,0,0,0,-2,-2,-2,0,0,0,0,0,-2,-2,-2,-2,-2,0,0,0,-2,-2,-2,0]} 1. e4 e5 2. Nf3 Nc6 3. Bb5 a6 4. Bxc6 dxc6 5. O-O Qf6 6. d4 {C68: Ruy Lopez: Exchange Variation, sidelines} exd4 7. Bg5 Qd6 8. Nxd4 {White has an edge.} Be7 9. Bxe7 (9. Be3 {is interesting.} Nf6 10. f3 c5 11. Ne2 Be6 12. Nf4) 9... Nxe7 10. Nc3 Bd7 11. Nde2 O-O-O 12. Qc1 Qc5 (12... Ng6 13. Qe3 Kb8 {0-1 (39) Naiditsch,A (2695)-Svidler,P (2735) Karlsruhe/Baden Baden 2019}) 13. a3 Kb8 14. b4 $146 Qc4 15. Rd1 Qe6 16. Qg5 Ng6 17. Rd4 Rde8 18. Nf4 Qg4 (18... Nxf4 {is more complex.} 19. Qxf4 f5 20. Re1 Bc8 21. e5 Qe7) 19. Qxg4 Bxg4 20. Nxg6 (20. Nd3 {looks sharper.} Nf8 21. f3 Bc8 22. Ne2 h5 23. a4) 20... hxg6 21. h3 Be6 22. Rad1 Kc8 23. f3 Rh5 24. Ne2 c5 25. R4d2 cxb4 26. axb4 Rb5 $1 27. c3 c5 28. bxc5 Rxc5 29. Kf2 Bc4 30. Nf4 a5 31. Nd5 {White wants to play Nb6+.} Bxd5 (31... Bb3 $15 32. Ra1 Rd8) 32. Rxd5 $11 Rxd5 33. Rxd5 $15 {[%mdl 4096] Endgame KR-KR} b6 $1 34. Ke3 Kc7 35. Kd3 Kc6 36. c4 Rb8 37. Kc3 b5 38. cxb5+ Rxb5 {The position is equal.} 39. Rd8 Rb7 40. Ra8 Kb5 41. e5 a4 42. Rg8 Rc7+ 43. Kb2 Kb4 44. Rb8+ Kc4 45. Rg8 Kd5 46. f4 Ke6 47. Rxg7 Rc4 48. g3 a3+ {[%mdl 64] [#] Decoy} 49. Kxa3 Rc3+ {[%mdl 64] Double Attack} 50. Kb2 Rxg3 51. f5+ Kxe5 52. fxg6 fxg6 53. h4 Kf6 54. Rh7 Ke5 {Accuracy: White = 68%, Black = 67%.} 1/2-1/2